| 000 | 00617nam a2200241 4500 | ||
|---|---|---|---|
| 001 | BS2023000096 | ||
| 003 | BR-BrBNA | ||
| 005 | 20230726111245.0 | ||
| 008 | 230531b1982 bl.||||| |||| 00| 0 por d | ||
| 040 |
_aBR-BrBNA _bpor. |
||
| 041 | _apor. | ||
| 072 | _aB59 | ||
| 100 | _aBroshuis, Inês | ||
| 245 |
_aComungar é partilhar : _bManual do Catequista / _cInês Broshuis. |
||
| 260 |
_aSão Paulo - SP : _bEdições Paulinas, _c1982 |
||
| 300 | _a190 p. | ||
| 650 | _aCATOLICISMO | ||
| 650 | _aORAÇÃO | ||
| 650 | _aRELIGIÃO | ||
| 909 |
_a202305 _bMaria Neves |
||
| 942 | _cBK | ||
| 999 |
_c9274 _d9274 |
||